Statistieken voor REKENEN

Klik hier om de quiz te nemen!

Algemene statistieken

  • Deze quiz is 45 keer genomen
  • De gemiddelde score is 7 van 10

Antwoordstatistieken

somantwoord% Correct
5+27
100%
27-189
97%
√255
83%
83x11913
77%
38x3114
74%
162:627
74%
(√81)+2332
66%
12²+32176
60%
15²225
57%
(21²+12³):21319
3%

Scoreverdeling

Percentiel versus Aantal Correcte Antwoorden

Procent van Mensen met Elke Score

Uw Scoregeschiedenis

U heeft deze quiz nog niet genomen